La candidatura de Rojas
Guardat en:
| Autor principal: | |
|---|---|
| Format: | Llibre |
| Idioma: | espanyol |
| Publicat: |
Buenos Aires, Argentina.
EUDEBA.
1964
|
| Col·lecció: | Serie del Nuevo Mundo
|
| Matèries: | |
| Etiquetes: |
Afegir etiqueta
Sense etiquetes, Sigues el primer a etiquetar aquest registre!
|
MARC
| LEADER | 00000nam a2200000 a 4500 | ||
|---|---|---|---|
| 001 | UCU4524 | ||
| 003 | CL-VaPUC | ||
| 005 | 20230512125919.0 | ||
| 008 | 960524e19640000AG |||||||||||||||||spa|d | ||
| 999 | |c 248209 |d 248207 | ||
| 040 | |c Pontificia Universidad Católica de Valparaíso | ||
| 082 | 0 | 4 | |a Bo863 CHI 1964 |2 21 |
| 100 | 0 | |a Chirveches, Armando |9 362118 | |
| 245 | 1 | 3 | |a La candidatura de Rojas |
| 260 | 0 | 3 | |a Buenos Aires, Argentina. |b EUDEBA. |c 1964 |
| 300 | |a 143 páginas | ||
| 490 | 0 | |a Serie del Nuevo Mundo | |
| 583 | |a last modification |c 19960524 00:00:00 |k Rodrigo Vera | ||
| 650 | 7 | |a NOVELAS BOLIVIANAS |2 CL-VaPUC |9 349976 | |
| 650 | 0 | |a Literatura boliviana |9 341321 | |
| 942 | |c BK |2 ddc | ||
| 945 | |d 19960524 00:00:00 |a rleighto | ||
| 952 | |0 0 |1 0 |2 ddc |4 0 |6 BO_863_000000000000000_CHI_1964 |7 0 |8 A |9 264669 |a BIBHIS |b BIBHIS |d 2019-11-19 |i 3203069 |o Bo863 CHI 1964 |p 3203069 |r 2025-01-20 |t 1 |w 2019-11-19 |y BK |k HIS | ||